书目信息 |
| 题名: |
个人所得税制度设计的理论研究
|
|
| 作者: | 温海滢 著 | |
| 分册: | ||
| 出版信息: | 北京 中国财政经济出版社 2007.12 |
|
| 页数: | 298页 | |
| 开本: | 21cm | |
| 丛书名: | ||
| 单 册: | ||
| 中图分类: | F810.424 | |
| 科图分类: | ||
| 主题词: | 个人所得税--ge ren suo de shui--税收制度--研究 | |
| 电子资源: | ||
| ISBN: | 978-7-5095-0307-2 | |
| 000 | 00853nam0 2200241 450 | |
| 001 | 003720174 | |
| 005 | 20080918092619.93 | |
| 010 | @a978-7-5095-0307-2@dCNY20.00 | |
| 100 | @a20080320d2007 em y0chiy0110 ea | |
| 101 | 0 | @achi |
| 102 | @aCN@b110000 | |
| 105 | @ay a 000yy | |
| 200 | 1 | @a个人所得税制度设计的理论研究@Age ren suo de shui zhi du she ji de li lun yan jiu@f温海滢著 |
| 210 | @a北京@c中国财政经济出版社@d2007.12 | |
| 215 | @a298页@d21cm | |
| 320 | @a有书目 (第291-298页) | |
| 330 | @a本书共分六章,首先明确了税收制度的可设计性,在此基础上对传统的和现代的税收制度设计原理进行了研究,并提出了综合的税收公平与综合的税收效率评价规范标准。 | |
| 606 | 0 | @a个人所得税@Age ren suo de shui@x税收制度@x研究 |
| 690 | @aF810.424@v4 | |
| 701 | 0 | @a温海滢@Awen hai ying@4著 |
| 801 | 0 | @aCN@c20080918 |
| 905 | @dF810.424@eW619 | |
| 999 | @aCYP | |
| 个人所得税制度设计的理论研究/温海滢著.-北京:中国财政经济出版社,2007.12 |
| 298页;21cm |
| ISBN 978-7-5095-0307-2:CNY20.00 |
| 本书共分六章,首先明确了税收制度的可设计性,在此基础上对传统的和现代的税收制度设计原理进行了研究,并提出了综合的税收公平与综合的税收效率评价规范标准。 |
| ● |
| 相关链接 |
|
|
|
正题名:个人所得税制度设计的理论研究
索取号:F810.424/W619
 
预约/预借
| 序号 | 登录号 | 条形码 | 馆藏地/架位号 | 状态 | 备注 |
| 1 | 678453 | 206784531 | 社科库409/409社科库 49排5列2层/ [索取号:F810.424/W619] | 在馆 | |
| 2 | 678454 | 206784540 | 社科库409/409社科库 49排5列2层/ [索取号:F810.424/W619] | 在馆 | |
| 3 | 678455 | 206784559 | 社科库409/422社科库 34排1列1层/ [索取号:F810.424/W619] | 在馆 |